000 00754nam a2200289Ia 4500
005 20260324133506.0
008 008 260324s9999 xx 000 0 eng d
020 _a9781315198705
037 _aEBOOK
040 _aCRL
040 _beng
040 _cCRL
041 _2eng
041 _aeng
084 _qCRL
100 _aHubert Heinelt; Randall Smith
_91193308
245 0 _aSustainability, Innovation and Participatory Governance
245 2 _bA Cross-National Study of the EU Eco-Management and Audit Scheme
260 _bTaylor and Francis
260 _c2003
365 _a
365 _b180
856 _uhttp://www.taylorfrancis.com/books/9781315198705
942 _cEBOOK
999 _c1792380
_d1792380